000 00804 a2200193 4500
003 Nust
005 20230308120420.0
010 _a 75324561
020 _a0356081575 :
040 _cNust
082 0 0 _a355.4,BEA
100 1 _aBeaufre, Ander
_9109997
245 1 0 _aStrategy for tomorrow /
_cAndre Beaufre
260 _aLondon :
_bMacdonald and Jane's [for the Strategic Studies Center] Stanford Research Institute,
_c1974.
300 _axi, 91 p. :
_bill. ;
_c24 cm.
505 _aAn Inventory of the Problems of modern Warfare (Page-1), The Level of strategic Nuclear Discussion (Page-13), The Level of Conventional Warfare (Page-25), The level of Tactical Nuclear Deterrence (Page-43), Reflections on the Navy (Page-59), General Conclusions (Page-67).
650 0 _aStrategy.
942 _2ddc
_cBK
999 _c186031
_d186031